[Event "13. Obert Int. Sant Marti 2011 - B"]
[Site "Barcelona ESP"]
[Date "2011.07.17"]
[Round "5.2"]
[White "Valarezzo Ricard, Pedro"]
[Black "Moreno Perez, Norberto"]
[Result "0-1"]
[WhiteElo "1878"]
[BlackElo "1955"]
[PlyCount "146"]
[EventDate "2011.07.13"]
[EventType "swiss"]
[EventRounds "9"]
[EventCountry "ESP"]
[SourceTitle "Ajedrez en Madrid"]
[Source "lmi"]
[SourceDate "2011.07.13"]
[SourceVersion "1"]
[SourceVersionDate "2019.06.21"]
[SourceQuality "1"]

1. d4 d5 2. Bf4 Nc6 3. Nf3 Bg4 4. Nbd2 Nf6 5. h3 Bh5 6. c3 h6 7. Qa4 Qd7 8. e3
a6 9. Bb5 Rb8 10. Bxc6 Qxc6 11. Qxc6+ bxc6 12. b4 Bxf3 13. Nxf3 Ne4 14. Rc1 f6
15. Bxc7 Rb7 16. Bh2 e6 17. Nd2 Ng5 18. h4 Nf7 19. Nb3 Kd7 20. Kd2 Be7 21. Bg3
Ra8 22. a3 Rb5 23. c4 Rb7 24. cxd5 exd5 25. Na5 Rxb4 26. axb4 Bxb4+ 27. Kd3
Bxa5 28. Rb1 Nd8 29. Ra1 Bc7 30. Bxc7 Kxc7 31. Rab1 a5 32. Kc3 a4 33. Rb4 Nb7
34. Ra1 a3 35. Rb3 Nd6 36. Ra2 Ra4 37. Rb4 Ra5 38. Kb3 Nb5 39. Rc2 Kd6 40. Ra4
Rxa4 41. Kxa4 a2 42. Rc1 Nc3+ 43. Kb3 Ne4 44. f3 Ng3 45. Kxa2 Nf5 46. Rd1 Nxh4
47. Rd2 c5 48. dxc5+ Kxc5 49. Rc2+ Kd6 50. Kb3 Nf5 51. Rc3 Nh4 52. Rc2 Nf5 53.
Re2 h5 54. Kc3 g5 55. Kd3 Ng3 56. Ra2 Ke5 57. Ra5 Ke6 58. Ra8 h4 59. Re8+ Kd6
60. e4 dxe4+ 61. fxe4 Kd7 62. Rf8 Ke6 63. Re8+ Kd7 64. Ra8 Ke6 65. Ra5 g4 66.
Ra8 Ke5 67. Ke3 h3 68. Re8+ Kd6 69. gxh3 gxh3 70. Rh8 h2 71. Rd8+ Ke7 72. Rh8
h1=Q 73. Rxh1 Nxh1 0-1

[Event "13. Obert Int. Sant Marti 2011 - B"]
[Site "Barcelona ESP"]
[Date "2011.07.17"]
[Round "5.3"]
[White "Diaz Nieto, Alberto"]
[Black "Corrales Adamuz, Cristian"]
[Result "1-0"]
[WhiteElo "1948"]
[BlackElo "1827"]
[PlyCount "77"]
[EventDate "2011.07.13"]
[EventType "swiss"]
[EventRounds "9"]
[EventCountry "ESP"]
[SourceTitle "Ajedrez en Madrid"]
[Source "lmi"]
[SourceDate "2011.07.13"]
[SourceVersion "1"]
[SourceVersionDate "2019.06.21"]
[SourceQuality "1"]

1. d4 d6 2. c4 e5 3. e3 Nc6 4. d5 Nce7 5. e4 Ng6 6. Nc3 Nf6 7. Bd3 Nh4 8. Bf1
Be7 9. g3 Ng6 10. Bd3 h5 11. h4 Ng4 12. Qc2 c6 13. Nh3 Qb6 14. Bd2 Nxh4 15.
gxh4 Bxh4 16. O-O-O Bxf2 17. Kb1 Ne3 18. Bxe3 Bxe3 19. Be2 g6 20. Rd3 Bd4 21.
Ng5 Qd8 22. Nf3 c5 23. Qd2 f5 24. Qg5 Qxg5 25. Nxg5 f4 26. Nb5 Ke7 27. Nxd6 Rf8
28. Nb5 Bd7 29. d6+ Kd8 30. Nc7 Rc8 31. Nge6+ Bxe6 32. Nxe6+ Ke8 33. Nxf8 Kxf8
34. Ra3 a6 35. Rb3 Rd8 36. Rb6 Rd7 37. Bd1 Bf2 38. Ba4 Rd8 39. d7 1-0

[Event "13. Obert Int. Sant Marti 2011 - B"]
[Site "Barcelona ESP"]
[Date "2011.07.17"]
[Round "5.4"]
[White "Garcia Lopez, Nicolas"]
[Black "Bieg Pagel, Clemens"]
[Result "0-1"]
[WhiteElo "1814"]
[BlackElo "1938"]
[PlyCount "48"]
[EventDate "2011.07.13"]
[EventType "swiss"]
[EventRounds "9"]
[EventCountry "ESP"]
[SourceTitle "Ajedrez en Madrid"]
[Source "lmi"]
[SourceDate "2011.07.13"]
[SourceVersion "1"]
[SourceVersionDate "2019.06.21"]
[SourceQuality "1"]

1. e4 e5 2. Nc3 Nf6 3. f4 d5 4. fxe5 Nxe4 5. Nf3 Be7 6. Qe2 Nxc3 7. dxc3 O-O 8.
Bf4 c5 9. O-O-O Be6 10. h4 Nc6 11. Ng5 Qa5 12. Qh5 h6 13. Nxe6 fxe6 14. Bxh6
Rf7 15. Bg5 Nxe5 16. Bxe7 Rf5 17. Bg5 Qxa2 18. Be2 Rf2 19. Kd2 Qxb2 20. Ke1
Raf8 21. Rf1 Qxc3+ 22. Bd2 Qg3 23. Be3 Rxf1+ 24. Kd2 Rxd1+ 0-1

[Event "13. Obert Int. Sant Marti 2011 - B"]
[Site "Barcelona ESP"]
[Date "2011.07.17"]
[Round "5.5"]
[White "Maynat Diaz, Jose Antonio"]
[Black "Castellet Menchon, Didac"]
[Result "0-1"]
[WhiteElo "1881"]
[BlackElo "1802"]
[PlyCount "102"]
[EventDate "2011.07.13"]
[EventType "swiss"]
[EventRounds "9"]
[EventCountry "ESP"]
[SourceTitle "Ajedrez en Madrid"]
[Source "lmi"]
[SourceDate "2011.07.13"]
[SourceVersion "1"]
[SourceVersionDate "2019.06.21"]
[SourceQuality "1"]

1. e4 c5 2. Nf3 Nc6 3. Bc4 g6 4. d3 Bg7 5. Nc3 e6 6. Nb5 d6 7. Nc3 Nge7 8. Bd2
O-O 9. Qc1 d5 10. exd5 exd5 11. Bb3 Bg4 12. Ng5 h6 13. h3 Bc8 14. Nf3 Kh7 15.
a3 Na5 16. Ba2 c4 17. O-O Bf5 18. Nh4 d4 19. Nxf5 dxc3 20. Nxg7 cxd2 21. Qxd2
Kxg7 22. Qc3+ Kh7 23. Bxc4 Nxc4 24. Qxc4 Rc8 25. Qb3 Qd5 26. c4 Qd7 27. Rfe1
Nc6 28. Re4 Rfe8 29. Rae1 b6 30. Qc3 Rxe4 31. Rxe4 Re8 32. Re3 Re6 33. b4 Qd4
34. Qxd4 Nxd4 35. c5 bxc5 36. bxc5 Kg7 37. Kf1 Kf6 38. Re4 Rxe4 39. dxe4 Ke5
40. f3 Nb3 41. c6 Kd6 42. g4 Kxc6 43. f4 Kd6 44. Ke2 a5 45. Kd3 f6 46. h4 Nc5+
47. Ke3 a4 48. g5 hxg5 49. hxg5 fxg5 50. f5 gxf5 51. exf5 Ke5 0-1

[Event "13. Obert Int. Sant Marti 2011 - B"]
[Site "Barcelona ESP"]
[Date "2011.07.17"]
[Round "5.6"]
[White "Arilla Santos, Eduard"]
[Black "Medina Altamirano, Karla"]
[Result "0-1"]
[WhiteElo "1902"]
[BlackElo "1977"]
[PlyCount "48"]
[EventDate "2011.07.13"]
[EventType "swiss"]
[EventRounds "9"]
[EventCountry "ESP"]
[SourceTitle "Ajedrez en Madrid"]
[Source "lmi"]
[SourceDate "2011.07.13"]
[SourceVersion "1"]
[SourceVersionDate "2019.06.21"]
[SourceQuality "1"]

1. e4 e5 2. Nf3 Nc6 3. Bc4 Bc5 4. b4 Bxb4 5. c3 Be7 6. O-O Nf6 7. Re1 d6 8. d4
O-O 9. h3 a6 10. Ba3 exd4 11. cxd4 d5 12. exd5 Bxa3 13. dxc6 Bb2 14. Qb3 Bxa1
15. Ng5 b5 16. Bxf7+ Kh8 17. Qd3 Qxd4 18. Qxd4 Bxd4 19. Bb3 Bxf2+ 20. Kxf2 Ne4+
21. Kg1 Nxg5 22. Re7 Bf5 23. Nc3 Rae8 24. Rxc7 Rc8 0-1

[Event "13. Obert Int. Sant Marti 2011 - B"]
[Site "Barcelona ESP"]
[Date "2011.07.17"]
[Round "5.7"]
[White "Vargas Drechsler, Carlos"]
[Black "Amor Alcaide, Manuel"]
[Result "0-1"]
[WhiteElo "1865"]
[BlackElo "1948"]
[PlyCount "66"]
[EventDate "2011.07.13"]
[EventType "swiss"]
[EventRounds "9"]
[EventCountry "ESP"]
[SourceTitle "Ajedrez en Madrid"]
[Source "lmi"]
[SourceDate "2011.07.13"]
[SourceVersion "1"]
[SourceVersionDate "2019.06.21"]
[SourceQuality "1"]

1. e4 e5 2. Nf3 Nc6 3. Bc4 Be7 4. d4 exd4 5. O-O d6 6. Bf4 Bg4 7. c3 Nf6 8. Qb3
O-O 9. Ng5 Bh5 10. Nd2 Na5 11. Qc2 Nxc4 12. Nxc4 dxc3 13. bxc3 Bg6 14. Rfe1 h6
15. Nf3 d5 16. Nce5 Bxe4 17. Qd2 Bd6 18. Rad1 c6 19. c4 a5 20. cxd5 Bb4 21. Qc1
Bxe1 22. dxc6 Qc8 23. Rxe1 Bxc6 24. Bxh6 gxh6 25. Qxh6 Nh7 26. Ng6 Qg4 27. Ne7+
Kh8 28. Nxc6 bxc6 29. Qxc6 Rac8 30. Qb7 Qg7 31. Ne5 Qxe5 32. Kf1 Qc7 33. Qb2+
Qc3 0-1

[Event "13. Obert Int. Sant Marti 2011 - B"]
[Site "Barcelona ESP"]
[Date "2011.07.17"]
[Round "5.8"]
[White "Pascual Gonzalez-Novelles, Carle"]
[Black "Carmona Gimeno, Javier"]
[Result "1-0"]
[WhiteElo "1975"]
[BlackElo "1847"]
[PlyCount "41"]
[EventDate "2011.07.13"]
[EventType "swiss"]
[EventRounds "9"]
[EventCountry "ESP"]
[SourceTitle "Ajedrez en Madrid"]
[Source "lmi"]
[SourceDate "2011.07.13"]
[SourceVersion "1"]
[SourceVersionDate "2019.06.21"]
[SourceQuality "1"]

1. e4 d5 2. exd5 Qxd5 3. Nc3 Qa5 4. Bc4 e6 5. Nf3 Nf6 6. O-O Be7 7. d4 c6 8.
Bd2 Qd8 9. Re1 O-O 10. Bf4 Nbd7 11. Qe2 Nb6 12. Bd3 Re8 13. Ne4 Nbd5 14. Bd2 b6
15. Ne5 Bd7 16. c4 Nc7 17. Nxf6+ Bxf6 18. Bxh7+ Kf8 19. Bb4+ Be7 20. Qf3 f6 21.
Qh5 1-0

[Event "13. Obert Int. Sant Marti 2011 - B"]
[Site "Barcelona ESP"]
[Date "2011.07.17"]
[Round "5.9"]
[White "Sumelzo Lozano, Jose"]
[Black "Morais Carreras, Javier"]
[Result "0-1"]
[WhiteElo "1877"]
[BlackElo "1957"]
[PlyCount "88"]
[EventDate "2011.07.13"]
[EventType "swiss"]
[EventRounds "9"]
[EventCountry "ESP"]
[SourceTitle "Ajedrez en Madrid"]
[Source "lmi"]
[SourceDate "2011.07.13"]
[SourceVersion "1"]
[SourceVersionDate "2019.06.21"]
[SourceQuality "1"]

1. e4 e5 2. Nf3 Nf6 3. Nc3 Bb4 4. Bc4 Nc6 5. d3 d6 6. a3 Bxc3+ 7. bxc3 h6 8.
O-O O-O 9. Rb1 a6 10. Be3 b5 11. Ba2 Bg4 12. h3 Bh5 13. Kh2 d5 14. g4 dxe4 15.
gxh5 exf3 16. Qxf3 Qd6 17. Rg1 e4+ 18. Qf4 Ne5 19. Kh1 Nf3 20. Rg2 Qxf4 21.
Bxf4 Nh4 22. Rgg1 exd3 23. cxd3 Rfe8 24. Rge1 c6 25. Bg3 Nf5 26. Be5 Nxh5 27.
Re2 Re7 28. Re4 Rae8 29. Rbe1 c5 30. d4 cxd4 31. cxd4 Nf6 32. f3 Nxe4 33. fxe4
Nh4 34. Rg1 g5 35. Rf1 Ng6 36. Bd6 Rd7 37. e5 Nf4 38. d5 Rxd6 39. exd6 Rd8 40.
h4 Rxd6 41. hxg5 hxg5 42. Kh2 Kg7 43. Kg3 f5 44. Rc1 Ne2+ 0-1

[Event "13. Obert Int. Sant Marti 2011 - B"]
[Site "Barcelona ESP"]
[Date "2011.07.17"]
[Round "5.11"]
[White "Santos Ramos, Carles"]
[Black "Vargas Ramirez, Ana Maria"]
[Result "0-1"]
[WhiteElo "1935"]
[BlackElo "1776"]
[PlyCount "68"]
[EventDate "2011.07.13"]
[EventType "swiss"]
[EventRounds "9"]
[EventCountry "ESP"]
[SourceTitle "Ajedrez en Madrid"]
[Source "lmi"]
[SourceDate "2011.07.13"]
[SourceVersion "1"]
[SourceVersionDate "2019.06.21"]
[SourceQuality "1"]

1. d4 d5 2. Nf3 Nf6 3. Bf4 e6 4. h3 c5 5. e3 Qb6 6. Qc1 Nc6 7. c3 Be7 8. Bd3
O-O 9. O-O Rd8 10. Nbd2 Bd7 11. dxc5 Bxc5 12. b4 Be7 13. a4 Rdc8 14. a5 Qd8 15.
Qb2 Be8 16. b5 Nxa5 17. Rfd1 b6 18. e4 Rc5 19. Be3 Rc7 20. e5 Nd7 21. Ra4 Nc5
22. Bxc5 Rxc5 23. Nb3 Nxb3 24. Qxb3 Qc7 25. c4 Rc8 26. cxd5 Rxd5 27. Rda1 a5
28. bxa6 Bxa4 29. Rxa4 Ra5 30. Rxa5 bxa5 31. Be4 Qc1+ 32. Kh2 Qf4+ 33. g3 Qxe4
34. Nd2 Qe2 0-1

[Event "13. Obert Int. Sant Marti 2011 - B"]
[Site "Barcelona ESP"]
[Date "2011.07.18"]
[Round "6.1"]
[White "Moreno Perez, Norberto"]
[Black "Ruiz Molina, Gabriel"]
[Result "1-0"]
[WhiteElo "1955"]
[BlackElo "1905"]
[PlyCount "71"]
[EventDate "2011.07.13"]
[EventType "swiss"]
[EventRounds "9"]
[EventCountry "ESP"]
[SourceTitle "Ajedrez en Madrid"]
[Source "lmi"]
[SourceDate "2011.07.13"]
[SourceVersion "1"]
[SourceVersionDate "2019.06.21"]
[SourceQuality "1"]

1. e4 e6 2. d4 d5 3. e5 c5 4. Nf3 Nc6 5. c3 Qb6 6. dxc5 Bxc5 7. Qc2 Bd7 8. a4
a5 9. Bd3 Nge7 10. O-O Rc8 11. Na3 Ng6 12. Qe2 Nce7 13. Nb5 O-O 14. h4 Rfd8 15.
Rb1 Bxb5 16. Bxb5 Nf5 17. h5 Ng3 18. Qd1 Ne7 19. b4 axb4 20. cxb4 Bxb4 21. Rxb4
Rxc1 22. Qxc1 Nxf1 23. Qxf1 Nf5 24. Qc1 d4 25. Rb2 Qa7 26. Qc7 Rf8 27. a5 Qa8
28. Bd3 Rc8 29. Qxb7 Rc1+ 30. Kh2 Qd8 31. Qb8 Rc8 32. Qb6 Qd5 33. a6 Nh6 34.
Qb7 Qd8 35. Qxc8 Qxc8 36. a7 1-0

[Event "13. Obert Int. Sant Marti 2011 - B"]
[Site "Barcelona ESP"]
[Date "2011.07.18"]
[Round "6.2"]
[White "Castellet Menchon, Didac"]
[Black "Diaz Nieto, Alberto"]
[Result "1-0"]
[WhiteElo "1802"]
[BlackElo "1948"]
[PlyCount "69"]
[EventDate "2011.07.13"]
[EventType "swiss"]
[EventRounds "9"]
[EventCountry "ESP"]
[SourceTitle "Ajedrez en Madrid"]
[Source "lmi"]
[SourceDate "2011.07.13"]
[SourceVersion "1"]
[SourceVersionDate "2019.06.21"]
[SourceQuality "1"]

1. e4 d5 2. exd5 Qxd5 3. Nc3 Qa5 4. d4 Nf6 5. Nf3 Bg4 6. h3 Bh5 7. g4 Bg6 8.
Ne5 c6 9. h4 Nd5 10. Bd2 Nxc3 11. Bxc3 Qc7 12. Bg2 f6 13. h5 Bf7 14. Nxf7 Kxf7
15. Qf3 a6 16. Qf5 e6 17. Qg6+ Kg8 18. O-O-O Qf7 19. Rde1 Nd7 20. Qe4 Re8 21.
f4 Bd6 22. Kb1 Qe7 23. Bf1 Bb4 24. Bc4 Nf8 25. f5 Bxc3 26. bxc3 Qa3 27. Bb3 a5
28. fxe6 Re7 29. d5 cxd5 30. Qxd5 a4 31. Bc4 Qxc3 32. Qc5 a3 33. Kc1 b6 34.
Qxe7 Qxc4 35. Qe8 1-0

[Event "13. Obert Int. Sant Marti 2011 - B"]
[Site "Barcelona ESP"]
[Date "2011.07.18"]
[Round "6.3"]
[White "Bieg Pagel, Clemens"]
[Black "Corominas Garrido, Jordi"]
[Result "1-0"]
[WhiteElo "1938"]
[BlackElo "1897"]
[PlyCount "91"]
[EventDate "2011.07.13"]
[EventType "swiss"]
[EventRounds "9"]
[EventCountry "ESP"]
[SourceTitle "Ajedrez en Madrid"]
[Source "lmi"]
[SourceDate "2011.07.13"]
[SourceVersion "1"]
[SourceVersionDate "2019.06.21"]
[SourceQuality "1"]

1. e4 e6 2. d4 d5 3. Nc3 Nf6 4. e5 Nfd7 5. f4 c5 6. Nf3 Nc6 7. Be3 a6 8. Qd2 b5
9. dxc5 Bxc5 10. Bxc5 Nxc5 11. Qf2 Qb6 12. a3 Bb7 13. b4 Nd7 14. Bd3 Rc8 15.
Qxb6 Nxb6 16. Ne2 Ke7 17. Kf2 f6 18. exf6+ gxf6 19. Rhe1 Kd6 20. Ng3 Rce8 21.
Rad1 Kc7 22. Nh5 Nd7 23. Ng7 Re7 24. Nxe6+ Kd6 25. Ned4 Rf7 26. Re6+ Kc7 27.
Nxc6 Bxc6 28. Nd4 Bb7 29. Rde1 Rhf8 30. a4 bxa4 31. Bxa6 Bxa6 32. Rxa6 Rb8 33.
Rxa4 Nb6 34. Ra7+ Rb7 35. Rxb7+ Kxb7 36. f5 Nc4 37. Re6 Nd2 38. Ke3 Nf1+ 39.
Kd3 Nxh2 40. Rd6 Ng4 41. Rxd5 Re7 42. Ne6 Kb6 43. c4 Ra7 44. Rd6+ Kb7 45. Rd7+
Kb8 46. Rxa7 1-0

[Event "13. Obert Int. Sant Marti 2011 - B"]
[Site "Barcelona ESP"]
[Date "2011.07.18"]
[Round "6.4"]
[White "Medina Altamirano, Karla"]
[Black "Fernandez Aguilar, Francisco"]
[Result "1/2-1/2"]
[WhiteElo "1977"]
[BlackElo "1918"]
[PlyCount "102"]
[EventDate "2011.07.13"]
[EventType "swiss"]
[EventRounds "9"]
[EventCountry "ESP"]
[SourceTitle "Ajedrez en Madrid"]
[Source "lmi"]
[SourceDate "2011.07.13"]
[SourceVersion "1"]
[SourceVersionDate "2019.06.21"]
[SourceQuality "1"]

1. e4 c5 2. Nc3 d6 3. g3 Nc6 4. Bg2 g6 5. d3 Bg7 6. f4 e6 7. Nf3 Nge7 8. O-O
O-O 9. Be3 b6 10. d4 d5 11. e5 Nf5 12. Bf2 Ncxd4 13. Nxd4 cxd4 14. Bxd4 Ba6 15.
Re1 Rc8 16. Bf2 Rc7 17. Ne2 Qe7 18. c3 f6 19. exf6 Bxf6 20. Nd4 Nxd4 21. Bxd4
Qd6 22. Bh3 Re7 23. Bxf6 Rxf6 24. Qd4 Qc5 25. Rad1 Kf7 26. Re5 Qxd4+ 27. cxd4
Rc7 28. Rde1 Rc6 29. b3 Bd3 30. R5e3 Be4 31. Bg2 Bxg2 32. Kxg2 Rc2+ 33. R1e2
Rxe2+ 34. Rxe2 Ke7 35. Rc2 Kd7 36. Kh3 Rf5 37. b4 g5 38. Kg4 h5+ 39. Kf3 g4+
40. Ke3 h4 41. Kf2 h3 42. Ke3 Rf8 43. Rc3 b5 44. Rc5 a6 45. a3 Kd6 46. Kd3 Kd7
47. Rc2 Kd6 48. Ke3 a5 49. Rc5 axb4 50. axb4 Ra8 51. Rc2 Ra4 1/2-1/2

[Event "13. Obert Int. Sant Marti 2011 - B"]
[Site "Barcelona ESP"]
[Date "2011.07.18"]
[Round "6.5"]
[White "Duran Gutierrez, Juan Luis"]
[Black "Pascual Gonzalez-Novelles, Carle"]
[Result "1-0"]
[WhiteElo "1903"]
[BlackElo "1975"]
[PlyCount "45"]
[EventDate "2011.07.13"]
[EventType "swiss"]
[EventRounds "9"]
[EventCountry "ESP"]
[SourceTitle "Ajedrez en Madrid"]
[Source "lmi"]
[SourceDate "2011.07.13"]
[SourceVersion "1"]
[SourceVersionDate "2019.06.21"]
[SourceQuality "1"]

1. e4 e6 2. d4 d5 3. exd5 exd5 4. Nf3 Nf6 5. Bg5 Bf5 6. Bd3 Bxd3 7. Qxd3 Bd6 8.
Bxf6 Qxf6 9. Qb5+ Nd7 10. Qxd5 Qe7+ 11. Kd1 O-O 12. Re1 Qf6 13. Nbd2 c5 14. Ne4
Qg6 15. Qxd6 Qxg2 16. Qg3 Qxg3 17. hxg3 cxd4 18. Nxd4 f5 19. Ng5 Nb6 20. c3 Nc4
21. Kc2 Nd6 22. Rad1 Rf6 23. Re6 1-0

[Event "13. Obert Int. Sant Marti 2011 - B"]
[Site "Barcelona ESP"]
[Date "2011.07.18"]
[Round "6.6"]
[White "Morais Carreras, Javier"]
[Black "Vigier Lopez, Carlos"]
[Result "1-0"]
[WhiteElo "1957"]
[BlackElo "1783"]
[PlyCount "105"]
[EventDate "2011.07.13"]
[EventType "swiss"]
[EventRounds "9"]
[EventCountry "ESP"]
[SourceTitle "Ajedrez en Madrid"]
[Source "lmi"]
[SourceDate "2011.07.13"]
[SourceVersion "1"]
[SourceVersionDate "2019.06.21"]
[SourceQuality "1"]

1. e4 c6 2. Nc3 d5 3. Nf3 dxe4 4. Nxe4 Nf6 5. Nxf6+ exf6 6. d4 Bd6 7. Bd3 O-O
8. O-O Bg4 9. h3 Bh5 10. Re1 Bc7 11. c3 Qd6 12. g3 Qd7 13. Kg2 Rd8 14. Qc2
Bxf3+ 15. Kxf3 Qxh3 16. Be3 Qh5+ 17. Kg2 g6 18. Rh1 Qd5+ 19. Be4 Qe6 20. Rh4
Nd7 21. Rah1 Nf8 22. Bh6 f5 23. Bf3 Nd7 24. Bg5 f6 25. Bd2 Nf8 26. Re1 Qf7 27.
b3 Re8 28. Reh1 Rad8 29. c4 Bb6 30. d5 Qc7 31. dxc6 bxc6 32. Bh6 Ne6 33. Bf4
Nxf4+ 34. Rxf4 Rd7 35. c5 Ba5 36. b4 Bxb4 37. Rxb4 Red8 38. Qc4+ Kh8 39. Qe6
Qe5 40. Re1 Qc3 41. Rb3 Qxc5 42. Qxf6+ Kg8 43. Qe6+ Kh8 44. Qxc6 Qxc6 45. Bxc6
Rc7 46. Bf3 Rc2 47. Re2 Rxe2 48. Bxe2 Rd2 49. Bc4 Rc2 50. Rb8+ Kg7 51. Rb7+ Kh6
52. Bb3 Rd2 53. Rxa7 1-0

[Event "13. Obert Int. Sant Marti 2011 - B"]
[Site "Barcelona ESP"]
[Date "2011.07.18"]
[Round "6.7"]
[White "Amor Alcaide, Manuel"]
[Black "Vargas Ramirez, Ana Maria"]
[Result "1-0"]
[WhiteElo "1948"]
[BlackElo "1776"]
[PlyCount "73"]
[EventDate "2011.07.13"]
[EventType "swiss"]
[EventRounds "9"]
[EventCountry "ESP"]
[SourceTitle "Ajedrez en Madrid"]
[Source "lmi"]
[SourceDate "2011.07.13"]
[SourceVersion "1"]
[SourceVersionDate "2019.06.21"]
[SourceQuality "1"]

1. c4 e5 2. Nc3 Nf6 3. g3 d5 4. cxd5 Nxd5 5. Bg2 Be6 6. Nf3 Nc6 7. Qa4 f6 8.
O-O Qd7 9. a3 Bc5 10. e3 Nb6 11. Qb5 Be7 12. b3 a6 13. Qe2 Bxb3 14. d3 Rd8 15.
Qb2 Be6 16. Rd1 O-O 17. Qc2 Bf5 18. e4 Bg4 19. Ne2 Nc8 20. Qb3+ Be6 21. Qxb7
Nb6 22. Qxa6 Bc4 23. dxc4 Qxd1+ 24. Bf1 Qb3 25. Qb5 Qxf3 26. Qxc6 Rd1 27. Ra2
Rxf1+ 28. Kxf1 Qh1+ 29. Ng1 Rd8 30. Rd2 Kf7 31. a4 Rxd2 32. Bxd2 f5 33. a5 Nc8
34. Qd5+ Kf6 35. exf5 Qxd5 36. cxd5 Kxf5 37. Be3 1-0

[Event "13. Obert Int. Sant Marti 2011 - B"]
[Site "Barcelona ESP"]
[Date "2011.07.18"]
[Round "6.8"]
[White "Molinas Garcia, Francisco"]
[Black "Perez Grizia, Jorge Adrian"]
[Result "0-1"]
[WhiteElo "1764"]
[BlackElo "1960"]
[PlyCount "80"]
[EventDate "2011.07.13"]
[EventType "swiss"]
[EventRounds "9"]
[EventCountry "ESP"]
[SourceTitle "Ajedrez en Madrid"]
[Source "lmi"]
[SourceDate "2011.07.13"]
[SourceVersion "1"]
[SourceVersionDate "2019.06.21"]
[SourceQuality "1"]

1. c4 f5 2. Nf3 c5 3. g3 Nc6 4. Bg2 e5 5. d3 Nf6 6. Nc3 d6 7. O-O Be7 8. a3 O-O
9. Ne1 Be6 10. f4 Qd7 11. Nc2 Rae8 12. b4 b6 13. b5 Na5 14. Rb1 Bd8 15. e4 g6
16. fxe5 dxe5 17. Nd5 fxe4 18. Bh6 exd3 19. Qxd3 Bf5 20. Nxf6+ Rxf6 21. Bd5+
Kh8 22. Qc3 Bxc2 23. Rxf6 Bxf6 24. Qxc2 Qh3 25. Bd2 Kg7 26. Re1 Qf5 27. Qc1 e4
28. Bh6+ Kh8 29. Rf1 Qe5 30. Bf4 Qe7 31. Be3 Nb3 32. Qd1 Nd4 33. Bxd4 cxd4 34.
Qg4 e3 35. Qe2 Kg7 36. Qd3 Qe5 37. a4 Re7 38. Bc6 Bg5 39. Bd5 e2 40. Re1 Qe3+
0-1

[Event "13. Obert Int. Sant Marti 2011 - B"]
[Site "Barcelona ESP"]
[Date "2011.07.18"]
[Round "6.9"]
[White "Poyato Ruiz, Fernando"]
[Black "Flores Linan, Josep Luis"]
[Result "0-1"]
[WhiteElo "1822"]
[BlackElo "1941"]
[PlyCount "76"]
[EventDate "2011.07.13"]
[EventType "swiss"]
[EventRounds "9"]
[EventCountry "ESP"]
[SourceTitle "Ajedrez en Madrid"]
[Source "lmi"]
[SourceDate "2011.07.13"]
[SourceVersion "1"]
[SourceVersionDate "2019.06.21"]
[SourceQuality "1"]

1. d4 Nf6 2. c4 g6 3. Nc3 Bg7 4. e4 d6 5. f4 O-O 6. Nf3 c5 7. d5 Na6 8. Bd3 Bd7
9. O-O Nc7 10. e5 Nfe8 11. Be3 a6 12. exd6 exd6 13. Qc2 f5 14. Rae1 Nf6 15. h3
b5 16. b3 b4 17. Ne2 Nh5 18. Bf2 Ne8 19. Bh4 Nef6 20. Ng5 h6 21. Nf3 Bh8 22.
Bf2 Ra7 23. Nh4 Be8 24. g4 Ng7 25. Kh2 Re7 26. gxf5 g5 27. fxg5 hxg5 28. Ng6
Bxg6 29. fxg6 Ngh5 30. Rg1 Ne4 31. Bxe4 Rxf2+ 32. Kh1 Be5 33. Rg2 Qf8 34. Reg1
Qf6 35. Qd2 Ng3+ 36. Rxg3 Bxg3 37. Rxg3 Rxe4 38. Qxg5 Rexe2 0-1

[Event "13. Obert Int. Sant Marti 2011 - B"]
[Site "Barcelona ESP"]
[Date "2011.07.18"]
[Round "6.10"]
[White "Garcia Lopez, Nicolas"]
[Black "Gonzalez Martin, Fernando"]
[Result "1-0"]
[WhiteElo "1814"]
[BlackElo "1937"]
[PlyCount "20"]
[EventDate "2011.07.13"]
[EventType "swiss"]
[EventRounds "9"]
[EventCountry "ESP"]
[SourceTitle "Ajedrez en Madrid"]
[Source "lmi"]
[SourceDate "2011.07.13"]
[SourceVersion "1"]
[SourceVersionDate "2019.06.21"]
[SourceQuality "1"]

1. e4 e5 2. Nc3 Nf6 3. f4 Bb4 4. fxe5 Bxc3 5. bxc3 Nxe4 6. Qg4 Ng5 7. d4 h6 8.
h4 d6 9. Qg3 dxe5 10. hxg5 exd4 1-0

[Event "13. Obert Int. Sant Marti 2011 - B"]
[Site "Barcelona ESP"]
[Date "2011.07.19"]
[Round "7.1"]
[White "Bieg Pagel, Clemens"]
[Black "Moreno Perez, Norberto"]
[Result "1-0"]
[WhiteElo "1938"]
[BlackElo "1955"]
[PlyCount "55"]
[EventDate "2011.07.13"]
[EventType "swiss"]
[EventRounds "9"]
[EventCountry "ESP"]
[SourceTitle "Ajedrez en Madrid"]
[Source "lmi"]
[SourceDate "2011.07.13"]
[SourceVersion "1"]
[SourceVersionDate "2019.06.21"]
[SourceQuality "1"]

1. e4 e5 2. Nf3 d6 3. d4 exd4 4. Nxd4 Be7 5. Bd3 Bf6 6. Nf3 Ne7 7. O-O Bg4 8.
c3 Nbc6 9. Bf4 h6 10. Nbd2 Qd7 11. Qa4 Qc8 12. Rfe1 Bd7 13. Qc2 g5 14. e5 dxe5
15. Bxe5 Nxe5 16. Nxe5 Be6 17. Ndf3 c5 18. Bb5+ Kf8 19. Rad1 g4 20. Nd7+ Kg7
21. Rxe6 fxe6 22. Nfe5 Bxe5 23. Nxe5 Rd8 24. Bd7 Qc7 25. Qe4 h5 26. Qf4 Rf8 27.
Qg5+ Kh8 28. Qh6+ 1-0

[Event "13. Obert Int. Sant Marti 2011 - B"]
[Site "Barcelona ESP"]
[Date "2011.07.19"]
[Round "7.2"]
[White "Morais Carreras, Javier"]
[Black "Castellet Menchon, Didac"]
[Result "1/2-1/2"]
[WhiteElo "1957"]
[BlackElo "1802"]
[PlyCount "41"]
[EventDate "2011.07.13"]
[EventType "swiss"]
[EventRounds "9"]
[EventCountry "ESP"]
[SourceTitle "Ajedrez en Madrid"]
[Source "lmi"]
[SourceDate "2011.07.13"]
[SourceVersion "1"]
[SourceVersionDate "2019.06.21"]
[SourceQuality "1"]

1. Nf3 d5 2. e4 c6 3. Nc3 Bg4 4. h3 Bh5 5. exd5 cxd5 6. Bb5+ Nc6 7. d4 Bxf3 8.
Qxf3 e6 9. O-O Nf6 10. Ne2 a6 11. Ba4 b5 12. Bb3 Be7 13. c3 Rc8 14. Nf4 Na5 15.
Nh5 Nxh5 16. Qxh5 O-O 17. Bc2 g6 18. Qh6 Re8 19. g3 Nc4 20. h4 Bf8 21. Qf4
1/2-1/2